Odhad pravdepodobnostného rozdelenia predikcie inflácie fan chart - grafická prezentácia

Opis jednoduchého prístupu k odhadu rizika predikcie a spôsob prezentácie výsledkov so zameraním na infláciu. Prezentácia strednodobej predikcie inflácie spolu s možnými rizikami grafickým výstupom, znázorňujúcim odhad pravdepodobnostného rozdelenia jej predikcie, tzv. fan chart - vejárový graf. Met...

ver descrição completa

Na minha lista:
Detalhes bibliográficos
Autor principal: Oparty, Tomáš
Outros Autores: Gavura, Miroslav
Formato: Capítulo de Livro
Idioma:eslovaco
Assuntos:
Tags: Adicionar Tag
Sem tags, seja o primeiro a adicionar uma tag!

MARC

LEADER 00000naa$a2200000$$$4500
001 0029836
005 20231116082324.2
041 0 |a slo 
044 |a SK 
245 1 0 |a Odhad pravdepodobnostného rozdelenia predikcie inflácie  |b fan chart - grafická prezentácia  |c Tomáš Oparty, Miroslav Gavura 
520 |a Opis jednoduchého prístupu k odhadu rizika predikcie a spôsob prezentácie výsledkov so zameraním na infláciu. Prezentácia strednodobej predikcie inflácie spolu s možnými rizikami grafickým výstupom, znázorňujúcim odhad pravdepodobnostného rozdelenia jej predikcie, tzv. fan chart - vejárový graf. Metódy odhadu chyby predikcie. Empirický spôsob odhadu smerodajnej odchýlky pre fan chart predikcie inflácie v SR. 
610 2 0 |a inflácia 
610 2 0 |a predvídanie 
610 2 0 |a pravdepodobnosť 
610 2 0 |a riziko 
610 2 0 |a odhad štatistický 
100 1 |a Oparty, Tomáš 
700 1 |a Gavura, Miroslav